[Event "POL-ch Rapid U18 Girls"]
[Site "Bydgoszcz"]
[Date "2023.08.29"]
[Round "6"]
[White "Domeradzka, Karolina"]
[Black "Kicinska, Magdalena"]
[Result "0-1"]
[WhiteElo "1646"]
[BlackElo "1373"]
[PlyCount "52"]
[EventDate "2023.08.28"]
[EventType "swiss"]
[EventRounds "11"]
[EventCountry "POL"]
[SourceTitle "CBM 216 Extra"]
[Source "ChessBase"]
[SourceDate "2023.11.30"]
[SourceVersion "1"]
[SourceVersionDate "2023.11.30"]
[SourceQuality "1"]

1. e4 c6 2. Nc3 d5 3. Nf3 Bg4 4. h3 Bxf3 5. Qxf3 e6 6. d3 Nf6 7. Qg3 Bb4 8. Bd2 0-0 9. 0-0-0 d4 10. Nb1 Bxd2+ 11. Nxd2 c5 12. f4 Nc6 13. Qf3 Qa5 14. Kb1 Qa4 15. Nb3 Nd7 16. g4 b5 17. e5 Nb4 18. a3 Nd5 19. Qf2 b4 20. axb4 Nxb4 21. Bg2 Rab8 22. Kc1 a5 23. Kd2 Nxc2 24. Kxc2 Rxb3 25. Rc1 Rxb2+ 26. Kxb2 Rb8+ 0-1

[Event "POL-ch Rapid U18 Girls"]
[Site "Bydgoszcz"]
[Date "2023.08.29"]
[Round "1"]
[White "Nowak, Zuzanna"]
[Black "Domeradzka, Karolina"]
[Result "1-0"]
[WhiteElo "1295"]
[BlackElo "1646"]
[PlyCount "82"]
[EventDate "2023.08.28"]
[EventType "swiss"]
[EventRounds "11"]
[EventCountry "POL"]
[SourceTitle "CBM 216 Extra"]
[Source "ChessBase"]
[SourceDate "2023.11.30"]
[SourceVersion "1"]
[SourceVersionDate "2023.11.30"]
[SourceQuality "1"]

1. e4 c5 2. Nf3 g6 3. c3 Bg7 4. d4 cxd4 5. cxd4 d5 6. exd5 Qxd5 7. Nc3 Qd8 8. Bf4 Nf6 9. Ne5 0-0 10. Bc4 Nc6 11. 0-0 Nxd4 12. Re1 Ne6 13. Be3 Qc7 14. f4 a6 15. Qf3 Bd7 16. Nxd7 Qxd7 17. Rad1 Qc8 18. Bb3 Nc5 19. Nd5 Nxd5 20. Bxd5 e6 21. Be4 Nxe4 22. Qxe4 Qc7 23. Rc1 Qa5 24. Bc5 Rfc8 25. b4 Qxa2 26. Qxb7 Rab8 27. Qe4 Rd8 28. Red1 Qa4 29. Qf3 Qb5 30. Ba7 Rbc8 31. Rxd8+ Rxd8 32. Rc7 Qxb4 33. Bf2 Qb1+ 34. Be1 Qxe1+ 35. Qf1 Qxf1+ 36. Kxf1 a5 37. Ra7 Bc3 38. Ke2 Bb4 39. Ke3 Kg7 40. Ke4 Kf6 41. Ke3 Bc5+ 1-0

[Event "Warsaw Maciei Memorial"]
[Site "Warsaw"]
[Date "2023.07.10"]
[Round "11"]
[White "Domeradzka, Karolina"]
[Black "Pettersson, Alexander"]
[Result "1-0"]
[WhiteElo "1344"]
[BlackElo "1820"]
[PlyCount "156"]
[EventDate "2023.07.10"]
[EventType "swiss (blitz)"]
[EventRounds "11"]
[EventCountry "POL"]
[SourceTitle "CBM 215 Extra"]
[Source "ChessBase"]
[SourceDate "2023.09.30"]
[SourceVersion "1"]
[SourceVersionDate "2023.09.30"]
[SourceQuality "1"]

1. e4 c6 2. Nc3 d5 3. Nf3 a6 4. exd5 cxd5 5. d4 Bg4 6. Be2 Nc6 7. h3 Bh5 8. Bf4 e6 9. 0-0 Bd6 10. Qd2 Nf6 11. Bg5 0-0 12. Rfe1 Rc8 13. Nd1 Be7 14. Bxf6 Bxf6 15. c3 Na5 16. Ne3 b5 17. Nh2 Bxe2 18. Qxe2 Nc4 19. Nhg4 a5 20. Nxc4 bxc4 21. Ne3 Rb8 22. Rab1 a4 23. Qc2 Qa5 24. b3 axb3 25. axb3 cxb3 26. Rxb3 Rxb3 27. Qxb3 Rc8 28. Nd1 h6 29. Re2 Qc7 30. Ra2 Bg5 31. Ra4 Qf4 32. Qc2 Bf6 33. Qe2 Qc1 34. Kh2 Be7 35. Ra7 Bd6+ 36. g3 Qg5 37. Qf3 Qg6 38. Rd7 Bb8 39. Rb7 h5 40. h4 Bd6 41. Rd7 Bf8 42. Ra7 Rb8 43. Ne3 Rc8 44. Ng2 Bd6 45. Rd7 Bb8 46. Rb7 Bc7 47. Kh1 Qc2 48. Kh2 Qg6 49. Ra7 Bb8 50. Rb7 Bd6 51. Rd7 Bf8 52. Nf4 Qf5 53. Rb7 g6 54. Kg2 Bd6 55. Ne2 Qxf3+ 56. Kxf3 Kf8 57. Ke3 Be7 58. Kd3 Ra8 59. Rb2 Rc8 60. Ra2 Bf6 61. Ng1 Rc7 62. Nf3 Ke7 63. Nd2 Kd6 64. Nb3 Ke7 65. Nc5 Kf8 66. Ra8+ Kg7 67. Ra2 Be7 68. Nb3 Bf6 69. f3 Be7 70. Ra8 Bd6 71. f4 Rb7 72. Nd2 Rb2 73. Rd8 Bc7 74. Rd7 Ba5 75. Ra7 Bb6 76. Rb7 Rb5 77. Nf3 Kf8 78. Ne5 Rb1 1-0

[Event "POL-ch U16 Girls"]
[Site "Jastrzebia Gora"]
[Date "2023.??.??"]
[Round "4"]
[White "Idzior, Izabela"]
[Black "Domeradzka, Karolina"]
[Result "0-1"]
[WhiteElo "1287"]
[BlackElo "1194"]
[PlyCount "80"]
[EventDate "2023.03.11"]
[EventType "swiss"]
[EventRounds "9"]
[EventCountry "POL"]
[SourceTitle "CBM 213 Extra"]
[Source "ChessBase"]
[SourceDate "2023.05.31"]
[SourceVersion "1"]
[SourceVersionDate "2023.05.31"]
[SourceQuality "1"]

1. e4 c5 2. Nf3 g6 3. d4 cxd4 4. Nxd4 Nc6 5. Nc3 Bg7 6. Be3 Nf6 7. Bc4 0-0 8. f3 Qb6 9. Ncb5 a6 10. Nf5 Qd8 11. Nh6+ Bxh6 12. Bxh6 axb5 13. Bxf8 bxc4 14. Bh6 d5 15. exd5 Nxd5 16. c3 Be6 17. Qe2 b5 18. h4 Qc7 19. Qd2 Ne5 20. Qd4 Nd3+ 21. Kd2 Qe5 22. Qxe5 Nxe5 23. h5 Nd3 24. hxg6 fxg6 25. b3 Ra3 26. bxc4 bxc4 27. Rhb1 Kf7 28. Rb8 Bd7 29. Rf8+ Ke6 30. Bg7 h5 31. Bd4 Kd6 32. Rg8 Bf5 33. Rd8+ Kc6 34. Rg8 e5 35. g4 exd4 36. gxf5 dxc3+ 37. Ke2 gxf5 38. Rc8+ Kb5 39. Rb1+ N5b4 40. Rb8+ Kc5 0-1